| 000 | 01526nam a2200397 c 4500 | ||
|---|---|---|---|
| 003 | BLK | ||
| 005 | 20180420215934.0 | ||
| 008 | 180413b bul|||||r ||||||| ||bul|| | ||
| 010 | _aKNG00027082000 | ||
| 020 |
_a954-9640-02- _bиздат.: Веси - (грешен) |
||
| 040 | _aBLK | ||
| 041 |
_aENG _cENG |
||
| 080 |
_aАнглийски език _b811.111 _x(075.4) _z811.111(075.4) |
||
| 080 |
_aАмериканска литература (на САЩ) _b821.111(73) _x-93-91 _z821.111(73)-93-91 |
||
| 100 | 1 |
_aTwain, Mark _eпърви автор _926784 |
|
| 700 | 1 |
_aИванов, Ели _eадапт. _9267716 |
|
| 139 |
_aTwain, Mark _bT 98 |
||
| 245 | 1 | 0 |
_aThe Adventures of Tom Sawyer _bAdapt. stories : [B.] 1 - _cMark Twain; адапт. Ели Иванов. _n[B.] 1 |
| 257 | _aUSA | ||
| 260 |
_аСофия _bВеси _c1998 _fСофия : Офсетграфик |
||
| 300 | _c20 cm | ||
| 380 | _a80 | ||
| 490 | 1 |
_aStories by Famous Writers _v10 |
|
| 500 | _aОфс. изд. | ||
| 650 | 4 |
_aАнглийски език - текстове, адаптирани _9241528 |
|
| 653 | _aадаптирани книги | ||
| 653 | _aанглийски език | ||
| 653 | _aлитература за деца | ||
| 653 | _aдетска литература | ||
| 760 | 1 |
_aTwain, Mark _d1998 _h128 p. _nСъдържа и Англ.-бълг. речник. _t[B.] 1 |
|
| 852 | _aЦб 199991 | ||
| 856 | 4 |
_qpdf _u |
|
| 856 | 4 |
_qpdf _u |
|
| 942 |
_cKNG _n0 |
||
| 944 |
_aCR _c15.01.2003 _kЛюдмила_Стоянова |
||
| 944 |
_aED _c07.12.2009 _k |
||
| 999 |
_c24566 _d24566 |
||